000 00620nam a2200205Ia 4500
003 GCL
008 140319s9999 xx 000 0 ara d
040 _aGCL /
_cGCL
082 0 4 _aد
_b050
100 1 _aعطية محمود هنا
245 1 0 _aنظريةالتعلم: دراسة مقارنة ( عالم المعرفة 70 ) /
_cعطية محمود هنا
700 1 _aغازدا، جورج
700 1 _aعلى حسين حجاج
300 _a406 ص
490 _aعالم المعرفة
_v0
650 0 4 _aالتعليم
650 0 4 _aالتعلم
650 0 4 _aالتعليم - نظريات
942 _2ddc
_cBK
999 _c50443
_d50443